| 000 | 00455nam a2200121Ia 4500 | ||
|---|---|---|---|
| 008 | 220615s9999||||xx |||||||||||||| ||und|| | ||
| 100 | _aEuropean Investment Bank | ||
| 245 | 0 |
_aInvestment Report 2021/2022 — Key Findings _bRecovery as a springboard for change |
|
| 546 | _aEnglish[eng] | ||
| 650 | _aBusiness & Economics||Investments & Securities | ||
| 856 | _uhttps://library.oapen.org/bitstream/20.500.12657/54201/1/QHBR21001ENN.en.pdf | ||
| 942 | _cEB | ||
| 999 |
_c9854 _d9854 |
||